|
|
|
|
| LEADER |
00000nab a2200000 a 4500 |
| 001 |
vtls000719671 |
| 003 |
SK-MaSNL |
| 005 |
20260303191002.0 |
| 008 |
161006c1998 xo 0 slo |
| 015 |
|
|
|a SNBRA2000/04-10679
|
| 035 |
|
|
|a CLN000071838
|
| 040 |
|
|
|a SNKBUCL
|b slo
|c SNKBUCL
|e AACR2
|
| 041 |
0 |
|
|a slo
|
| 044 |
|
|
|a xo
|c SK
|
| 080 |
|
|
|a 800.87:808.54-3(477.87)
|2 1997
|
| 080 |
|
|
|a 801.3:808.54-087(477.87)
|2 1997
|
| 080 |
|
|
|a 808.54-087(477.87)
|2 1997
|
| 100 |
1 |
|
|a Lipták, Štefan,
|d 1937-
|4 aut
|9 110296
|
| 245 |
1 |
0 |
|a O lexikálnej stránke slovenských nárečí na Zakarpatskej Ukrajine
|c Štefan Lipták
|
| 300 |
|
|
|e 5 s. príl.
|
| 504 |
|
|
|a Bibliogr. odkazy
|
| 650 |
0 |
7 |
|a slovenčina
|2 snkbucl
|9 1350
|
| 650 |
0 |
7 |
|a nárečia slovenské
|z Zakarpatská Ukrajina (Ukrajina)
|x aspekty lexikálne
|2 snkbucl
|9 1219912
|
| 651 |
|
7 |
|a Zakarpatská Ukrajina (Ukrajina)
|x nárečia slovenské
|2 snkbucl
|9 1219378
|
| 655 |
|
7 |
|a články zo zborníkov
|2 snkbucl
|9 166140
|
| 773 |
0 |
|
|w SK01SNK19980298678
|z 8088841097
|t Slováci na Zakarpatskej Ukrajine
|d Bratislava : Dom zahraničných Slovákov, 1998
|g S. 40-49
|
| 850 |
|
|
|a Slovenská národná knižnica v Martine
|
| 852 |
|
|
|a SNK
|b KIS3GCP
|
| 958 |
|
|
|a SK
|
| 958 |
|
|
|a NB
|
| 958 |
|
|
|a UA
|
| 999 |
|
|
|c 2138921
|d 2140851
|